| 000 | 00722 a2200169 4500 | ||
|---|---|---|---|
| 003 | NUST | ||
| 005 | 20230706142144.0 | ||
| 040 | _cNust | ||
| 082 | _a515.33,DIF | ||
| 245 |
_aDifferential calculus : _bB.A. & B.Sc. Students _cIlmi Kitab Khana |
||
| 250 | _a2nd ed. | ||
| 260 |
_aPAKISTAN _bILMI KITAB KHANA _c1960 |
||
| 300 | _a643p.; | ||
| 505 | _aConstants, Variables, Functions And Limits (Page-1), Differentiation (Page-35), Theorems (Page-108), Indeterminate Form (Page-163), Maxima And Minima (Page-181), Partial Differentiation (Page-220), Tangents And Normals (Page-252), Asymptotes (Page-330), Envelopes (Page-447), Singular Points (Page-474). | ||
| 650 | _aDifferential calculus | ||
| 942 |
_2ddc _cBK _k515.33,DIF |
||
| 999 |
_c180720 _d180720 |
||